Missing Word: 'F' Names Quiz Stats

 Plays Quiz Updated Jun 20, 2018

Challenge
Share
Tweet
Embed
Score 0/24 Timer 02:00
0 Plays Today
Full Name Missing Name % Correct
____ FlintstoneFred
95.9%
_____ D. RooseveltFranklin
91.8%
Henry _____Ford
90.2%
____ BuellerFerris
89.5%
Princess _____Fiona
86.3%
_____ FawcettFarrah
83.6%
_____ NightingaleFlorence
83.1%
Jimmy _____Fallon
75.7%
Brett _____Favre
71.6%
Sally _____Field
71%
_____ HillFaith
69.2%
Errol _____Flynn
66.7%
Full Name Missing Name % Correct
Roger _____Federer
66.5%
Sarah _____Ferguson
61%
_____ HuffmanFelicity
59.5%
Peter _____Falk
54.1%
Bobby _____Fischer
53.9%
_____ McDormandFrances
50.5%
_____ WrayFay
48.5%
William _____Faulkner
42.9%
My Friend _____Flicka
33.7%
_____ ChristianFletcher
20.4%
_____ MendelssohnFelix
19.2%
Hubert _____Farnsworth
16.1%

Today's Daily Dose

You're not logged in!

Compare scores with friends on all Sporcle quizzes.
OR
Log In

You Might Also Like...

Show Comments

Extras

Top Quizzes Today


Score Distribution

Your Account Isn't Verified!

In order to create a playlist on Sporcle, you need to verify the email address you used during registration. Go to your Sporcle Settings to finish the process.

Report this User

Report this user for behavior that violates our Community Guidelines.

Details: